000 00587nam a2200241Ia 4500
003 OSt
005 20220912152002.0
006 a|||||r|||| 00| 0
007 ta
008 220909b |||||||| |||| 00| 0 eng d
024 _a62708
037 _cTextual
040 _aCSL
_beng
_cCSL
041 _aeng
082 _aE7, 113E1.14-.15
100 _aAbberhalden Emil
245 0 _aBiochemisches handlexikon
260 _c1911
300 _ap.
_ccm.
650 _aBiochemistry
942 _hE7, 113E1.14-.15
_cTEXL
_2CC
999 _c78636
_d78636